| 000 | 00658nam a2200193 a 4500 | ||
|---|---|---|---|
| 003 | 0 | ||
| 005 | 20250422094944.0 | ||
| 008 | 060802s19uu xx 00 eng d | ||
| 050 |
_aPHS TP 670 _b.Y36 2006 |
||
| 100 | _aYang, Chiao-Han (Jessica). | ||
| 245 |
_aThe Use of soy bean oil as source of quality ink / _cChiao-Han (Jessica) Yang. |
||
| 260 |
_aLas PiƱas City, Philippines : _bSouthville International School and Colleges, _c2006. |
||
| 300 |
_a42 pages : _billustrations ; _c28 cm. |
||
| 504 | _aIncludes bibliographical references. | ||
| 650 | _aSoybean oil. | ||
| 650 | _aPrinting ink. | ||
| 650 | _aBiodegradable materials. | ||
| 942 |
_2lcc _cPASS |
||
| 999 |
_c97678 _d97678 |
||